|
|
|
|
| LEADER |
01092nam a22003138a 4500 |
| 001 |
000015085 |
| 003 |
11456 |
| 005 |
20120522140524.0 |
| 008 |
120522s2000 b 000 0 vieod |
| 020 |
|
|
|c 13600
|d 10000b
|
| 041 |
0 |
|
|a vie
|
| 082 |
|
|
|a 340.071
|b DU-M
|
| 084 |
|
|
|a U
|
| 100 |
0 |
|
|a Dương Thanh Mai
|
| 245 |
1 |
0 |
|a Pháp luật chuyên ngành
|b Giaó trình đào tạo giáo viên Trung học cơ sở hệ Cao đẳng Sư phạm
|c Dương Thanh Mai
|
| 250 |
|
|
|a Tái bản lần thứ nhất
|
| 260 |
|
|
|a H.
|b Nxb. Giaó dục
|c 2000
|
| 300 |
|
|
|a 260 tr.
|c 21cm
|
| 700 |
|
|
|a Nguyễn Đức Chiến
|a Đinh Xuân Thắng
|
| OWN |
|
|
|a LSP
|
| AVA |
|
|
|a UDN50
|b LSP
|d 340.071 DU-M
|e available
|t Error 5001 Not defined in file expand_doc_bib_avail.
|f 5
|g 0
|h N
|i 0
|k 1
|
| 999 |
|
|
|a From the UDN01
|
| AVA |
|
|
|a UDN50
|b LSP
|d 340.071 DU-M
|e available
|t Error 5001 Not defined in file expand_doc_bib_avail.
|f 5
|g 0
|h N
|i 0
|k 1
|
| TYP |
|
|
|a Monograph
|
| TYP |
|
|
|a Printed language
|
| 980 |
|
|
|a Mạng thư viện Đại học Đà Nẵng
|